000 01291nam a2200337 a 4500
001 ebr2001930
003 CaPaEBR
006 m u
007 cr cn|||||||||
008 990617s2000 onc sb 001 0 eng d
020 _z0889203377
040 _aCaPaEBR
_cCaPaEBR
035 _a(OCoLC)45844415
050 1 4 _aU22
_b.O74 2000eb
055 0 1 _aU22
055 3 _aU22
_bO73 2000
055 0 0 _aU22
_bO73 2000
082 0 4 _a172/.42
_221
100 1 _aOrend, Brian,
_d1971-
245 1 0 _aWar and international justice
_h[electronic resource] :
_ba Kantian perspective /
_cBrian Orend.
260 _aWaterloo, Ont. :
_bWilfrid Laurier University Press,
_cc2000.
300 _axi, 299 p.
504 _aIncludes bibliographical references and index.
533 _aElectronic reproduction.
_bPalo Alto, Calif. :
_cebrary,
_d2013.
_nAvailable via World Wide Web.
_nAccess may be limited to ebrary affiliated libraries.
600 1 0 _aKant, Immanuel,
_d1724-1804
_xContributions in just war doctrine.
650 0 _aWar
_xMoral and ethical aspects.
650 0 _aJust war doctrine.
655 7 _aElectronic books.
_2local
710 2 _aebrary, Inc.
856 4 0 _uhttp://site.ebrary.com/lib/rucke/Doc?id=2001930
_zAn electronic book accessible through the World Wide Web; click to view
999 _c126482
_d126482